00619nam a2200157Ia 4500008004100000020001800041041000800059082001900067100005500086245010100141250000600242260004100248300000800289999001900297952014500316210716s2019 xx 000 0 und d a9788126577835 aeng a153.94004 GATE aVerma, Anil Kumar; Sharma, Gaurav; Singh, Kuldeep. aGATE: computer science and information technology.bComputer science and information technology. a1 aNew DelhibWiley India Pvt Ltdc2019 a368 c197078d197078 001040708MCAaAIMITbAIMITd2021-07-16eKnowledge Worldg399.00l0o153.94004 GATEpMCA16593r2026-05-23 00:00:00v299.25w2021-07-16yBK